000 00432pab a2200169 454500
008 180718b2005 xxu||||| |||| 00| 0 eng d
100 _aBown, Chad P.
245 _aUS trade policy and the adjustment process
260 _c2005
300 _ap.107-28.
362 _aSpecial issue
650 _aUnited States - Commerce
650 _aTrade policy
700 _aMcculloch, Rachel
773 _aIMF Staff Papers
909 _a68200
999 _c68200
_d68200